[Event "I Open sub-2300 Ciudad de Albacete"]
[Site "Albacete ESP"]
[Date "2012.04.29"]
[Round "5.8"]
[White "Sos Andreu, Eric"]
[Black "Lara Lopez, Jose"]
[Result "1-0"]
[WhiteElo "2143"]
[BlackElo "2265"]
[PlyCount "85"]
[EventDate "2012.04.27"]
[EventType "swiss"]
[EventRounds "9"]
[EventCountry "ESP"]
[Source "lmi"]
[SourceDate "2012.04.27"]

1. Nf3 c5 2. c4 Nc6 3. g3 Nf6 4. Bg2 d5 5. cxd5 Nxd5 6. O-O e5 7. Nc3 Nc7 8. d3
Be7 9. Nd2 O-O 10. Nc4 f6 11. Be3 Nd4 12. f4 exf4 13. Bxf4 Nce6 14. Be3 f5 15.
Nd5 Rb8 16. a4 b6 17. Bd2 Bb7 18. Nf4 Bxg2 19. Kxg2 Bf6 20. Bc3 Nxf4+ 21. gxf4
Qd5+ 22. Kg1 g5 23. e3 Ne6 24. Qf3 Rbd8 25. fxg5 Bxc3 26. bxc3 Qxd3 27. Ne5
Qxc3 28. Qg3 Rd5 29. Nc6 Rf7 30. Rad1 Qb3 31. Ra1 Qb2 32. Rad1 f4 33. exf4 Nxf4
34. Qg4 Ne2+ 35. Kh1 Rxd1 36. Rxd1 Nd4 37. g6 Rf2 38. gxh7+ Kxh7 39. Qh5+ Kg7
40. Rg1+ Kf8 41. Qh8+ Kf7 42. Qg8+ Kf6 43. Qg6# 1-0

[Event "I Open sub-2300 Ciudad de Albacete"]
[Site "Albacete ESP"]
[Date "2012.04.29"]
[Round "5.9"]
[White "Sanchez Quiroga, Miguel Angel"]
[Black "Ivanov, Stojan Emilov"]
[Result "1-0"]
[WhiteElo "2142"]
[BlackElo "2264"]
[PlyCount "93"]
[EventDate "2012.04.27"]
[EventType "swiss"]
[EventRounds "9"]
[EventCountry "ESP"]
[Source "lmi"]
[SourceDate "2012.04.27"]

1. e4 c5 2. Nf3 d6 3. d4 cxd4 4. Nxd4 Nf6 5. Nc3 a6 6. Bc4 e6 7. Bb3 Be7 8. g4
O-O 9. g5 Ne8 10. Rg1 Nc6 11. Be3 Na5 12. Qh5 g6 13. Qh6 Ng7 14. Rg4 Nxb3 15.
axb3 Nh5 16. Rh4 Re8 17. Rxh5 gxh5 18. Qxh5 Bf8 19. O-O-O Qa5 20. Kb1 Qe5 21.
f4 Qg7 22. f5 b5 23. f6 Qg6 24. Qf3 Bb7 25. h4 h5 26. gxh6 Kh8 27. Rg1 Qh7 28.
Rg4 b4 29. Nce2 e5 30. Nf5 d5 31. Rg7 dxe4 32. Rxh7+ Kxh7 33. Qh5 Bd5 34. Ng7
Red8 35. Qxe5 Rab8 36. Ng3 Kh8 37. N3f5 Ba8 38. Bd4 Rdc8 39. h7 Rb5 40. Qg3
Kxh7 41. Qg5 e3 42. Qxe3 Bxg7 43. Nxg7 Bc6 44. Qd3+ Kh8 45. Nf5 Rd8 46. Qe3 Kg8
47. Qh6 1-0

[Event "I Open sub-2300 Ciudad de Albacete"]
[Site "Albacete ESP"]
[Date "2012.04.29"]
[Round "5.10"]
[White "Salvador Lopez, Daniel"]
[Black "Bas Mas, Jose Joaquin"]
[Result "1/2-1/2"]
[WhiteElo "2108"]
[BlackElo "2227"]
[PlyCount "111"]
[EventDate "2012.04.27"]
[EventType "swiss"]
[EventRounds "9"]
[EventCountry "ESP"]
[Source "lmi"]
[SourceDate "2012.04.27"]

1. d4 d5 2. Nf3 Nf6 3. c4 e6 4. e3 b6 5. Nc3 Bd6 6. cxd5 exd5 7. Be2 O-O 8. O-O
a6 9. Qc2 Qe7 10. h3 Bb7 11. Bd3 Nbd7 12. Ng5 h6 13. Nh7 Rfe8 14. Nxf6+ Nxf6
15. Re1 Rac8 16. Bd2 c5 17. Bf5 Rc7 18. Rac1 Ne4 19. Nxe4 dxe4 20. Qd1 Qf6 21.
Bg4 cxd4 22. exd4 Qxd4 23. Bc3 Qxd1 24. Rcxd1 Bc5 25. Bd4 Bxd4 26. Rxd4 Rc2 27.
Re2 Rxe2 28. Bxe2 Rc8 29. Bc4 Rc7 30. Kf1 a5 31. Ke1 Kf8 32. g3 Ke7 33. Kd2 f5
34. Ke3 g5 35. h4 Rd7 36. Rxd7+ Kxd7 37. hxg5 hxg5 38. Kd4 Kd6 39. a3 Bc8 40.
Bb5 Be6 41. Be8 Ke7 42. Bb5 Kf6 43. Bc6 Bb3 44. Bb5 Bd1 45. Bd7 Bf3 46. Bc6 Bh1
47. Bd7 Bg2 48. b4 axb4 49. axb4 f4 50. gxf4 gxf4 51. Bb5 Kf5 52. Bc4 Kg4 53.
Be2+ Bf3 54. Bf1 Bd1 55. Kxe4 Bc2+ 56. Ke5 1/2-1/2

[Event "I Open sub-2300 Ciudad de Albacete"]
[Site "Albacete ESP"]
[Date "2012.04.30"]
[Round "6.1"]
[White "Bermejo Martinez, Jorge"]
[Black "Peña Riasco, Alexander"]
[Result "1-0"]
[WhiteElo "2267"]
[BlackElo "2219"]
[PlyCount "93"]
[EventDate "2012.04.27"]
[EventType "swiss"]
[EventRounds "9"]
[EventCountry "ESP"]
[Source "lmi"]
[SourceDate "2012.04.27"]

1. d4 d5 2. c4 c6 3. e3 Nf6 4. Nc3 e6 5. Nf3 Be7 6. Qc2 Nbd7 7. Bd3 O-O 8. O-O
dxc4 9. Bxc4 c5 10. dxc5 Bxc5 11. Rd1 a6 12. Bd3 h6 13. Bd2 Qc7 14. Na4 Bd6 15.
Qxc7 Bxc7 16. Bb4 Re8 17. Rac1 Bb8 18. Nc5 Nxc5 19. Bxc5 b5 20. Nd2 Bb7 21. b3
Be5 22. f4 Bb8 23. a4 bxa4 24. bxa4 Nd7 25. Bd4 e5 26. fxe5 Nxe5 27. Be2 Bd6
28. Nb3 Nc6 29. Bb6 Be5 30. Bf3 Rac8 31. Bg4 Rcd8 32. Bxd8 Nxd8 33. Nc5 Bc6 34.
Bd7 Re7 35. Bxc6 Nxc6 36. Nxa6 Na5 37. Nc5 Bf6 38. Rd8+ Kh7 39. Nd7 Rxe3 40.
Nxf6+ gxf6 41. Rd5 Nb3 42. Rb1 Rc3 43. a5 Nc5 44. Ra1 Nb3 45. Rf1 Rc6 46. Rb1
Nc1 47. Rd2 1-0

[Event "I Open sub-2300 Ciudad de Albacete"]
[Site "Albacete ESP"]
[Date "2012.04.30"]
[Round "6.2"]
[White "Serna Lara, Sergio"]
[Black "Gavilan Diaz, Mario"]
[Result "1/2-1/2"]
[WhiteElo "2228"]
[BlackElo "2256"]
[PlyCount "32"]
[EventDate "2012.04.27"]
[EventType "swiss"]
[EventRounds "9"]
[EventCountry "ESP"]
[Source "lmi"]
[SourceDate "2012.04.27"]

1. d4 d6 2. Nf3 Nf6 3. c4 Nbd7 4. Nc3 e5 5. e4 c6 6. Be2 Be7 7. O-O O-O 8. Be3
Qc7 9. Rc1 Re8 10. d5 c5 11. Ne1 Nf8 12. Nd3 Ng6 13. a3 a6 14. b4 b6 15. Rb1
Bd7 16. Qd2 Rab8 1/2-1/2

[Event "I Open sub-2300 Ciudad de Albacete"]
[Site "Albacete ESP"]
[Date "2012.04.30"]
[Round "6.3"]
[White "Picazo Lopez, Juan Antonio"]
[Black "Sanchez Botella, Luis Javier"]
[Result "0-1"]
[WhiteElo "2169"]
[BlackElo "2241"]
[PlyCount "114"]
[EventDate "2012.04.27"]
[EventType "swiss"]
[EventRounds "9"]
[EventCountry "ESP"]
[Source "lmi"]
[SourceDate "2012.04.27"]

1. d4 Nf6 2. c4 e6 3. Nc3 Bb4 4. e3 b6 5. Bd3 Bb7 6. f3 c5 7. Nge2 cxd4 8. exd4
O-O 9. O-O d5 10. cxd5 Nxd5 11. a3 Nxc3 12. bxc3 Bxc3 13. Nxc3 Qxd4+ 14. Rf2
Qxc3 15. Bb2 Qa5 16. f4 f5 17. Qh5 Nd7 18. Re2 Bd5 19. Qg5 Rf7 20. Rc1 Nc5 21.
Bb1 Qb5 22. Rce1 Ne4 23. Bxe4 Qc5+ 24. Re3 Bxe4 25. Kh1 Qe7 26. Qh5 Rc8 27. Rh3
h6 28. Rg3 Rc2 29. Be5 Rf6 30. h3 Qf7 31. Qxf7+ Rxf7 32. Ree3 Kh7 33. h4 Rc5
34. Kh2 Rxe5 35. fxe5 f4 36. Rxe4 fxg3+ 37. Kxg3 Rc7 38. a4 Kg6 39. Kf4 h5 40.
Rd4 Rf7+ 41. Ke4 Rf2 42. g3 Rg2 43. Kf4 Rf2+ 44. Ke4 Rg2 45. Kf4 Rb2 46. Kf3
Rb3+ 47. Kg2 a5 48. g4 Rb4 49. gxh5+ Kf5 50. Rd7 Rxa4 51. Rxg7 Rxh4 52. Kg3
Rxh5 53. Rb7 Rh8 54. Rxb6 Ra8 55. Rb3 a4 56. Ra3 Kxe5 57. Kf3 Kd4 0-1

[Event "I Open sub-2300 Ciudad de Albacete"]
[Site "Albacete ESP"]
[Date "2012.04.30"]
[Round "6.4"]
[White "Martin Rueda, Daniel"]
[Black "Garcia Romero, Benjamin Abel"]
[Result "1-0"]
[WhiteElo "2289"]
[BlackElo "2196"]
[PlyCount "57"]
[EventDate "2012.04.27"]
[EventType "swiss"]
[EventRounds "9"]
[EventCountry "ESP"]
[Source "lmi"]
[SourceDate "2012.04.27"]

1. d4 Nf6 2. c4 e6 3. Nc3 c5 4. Nf3 cxd4 5. Nxd4 a6 6. g3 Qc7 7. Qd3 Nc6 8.
Nxc6 Qxc6 9. e4 b6 10. Bg2 Bb7 11. Bd2 Rc8 12. b3 Ba3 13. O-O O-O 14. Rfe1 Ng4
15. h3 Ne5 16. Qe2 Bc5 17. Kh2 Qc7 18. Rad1 f5 19. f4 Nc6 20. Be3 Bxe3 21. Qxe3
Nb4 22. Qd2 fxe4 23. Nxe4 d5 24. Ng5 dxc4 25. Qxb4 Rxf4 26. Bxb7 Rf2+ 27. Bg2
Qc6 28. Ne4 Rxa2 29. Qe7 1-0

[Event "I Open sub-2300 Ciudad de Albacete"]
[Site "Albacete ESP"]
[Date "2012.04.30"]
[Round "6.5"]
[White "Diaz Velandia, Jose Manuel"]
[Black "Sos Andreu, Eric"]
[Result "1/2-1/2"]
[WhiteElo "2212"]
[BlackElo "2143"]
[PlyCount "51"]
[EventDate "2012.04.27"]
[EventType "swiss"]
[EventRounds "9"]
[EventCountry "ESP"]
[Source "lmi"]
[SourceDate "2012.04.27"]

1. d4 Nf6 2. Nf3 g6 3. b3 Bg7 4. e3 O-O 5. Nbd2 b6 6. c4 Bb7 7. Qc2 d6 8. Bb2
Nbd7 9. d5 c6 10. dxc6 Bxc6 11. Be2 Nc5 12. O-O Rc8 13. Nd4 Bb7 14. Rad1 a6 15.
Bf3 Qc7 16. Qb1 Bxf3 17. N4xf3 Qb7 18. Qa1 Rfd8 19. Nb1 d5 20. cxd5 Rxd5 21.
Rxd5 Qxd5 22. Nc3 Qb7 23. Rd1 b5 24. b4 Nce4 25. Nxe4 Qxe4 26. a3 1/2-1/2

[Event "I Open sub-2300 Ciudad de Albacete"]
[Site "Albacete ESP"]
[Date "2012.04.30"]
[Round "6.6"]
[White "Picazo Lopez, Ignacio"]
[Black "Jimenez Martinez, Jose Vicente"]
[Result "1/2-1/2"]
[WhiteElo "2093"]
[BlackElo "2276"]
[PlyCount "77"]
[EventDate "2012.04.27"]
[EventType "swiss"]
[EventRounds "9"]
[EventCountry "ESP"]
[Source "lmi"]
[SourceDate "2012.04.27"]

1. e4 d6 2. d4 g6 3. Nc3 Bg7 4. Bd3 Nc6 5. d5 Ne5 6. f4 Nxd3+ 7. cxd3 c6 8.
dxc6 bxc6 9. Be3 Nf6 10. h3 Rb8 11. Qd2 Qa5 12. Nge2 c5 13. O-O e6 14. a3 O-O
15. b4 Qc7 16. bxc5 dxc5 17. Rac1 Rd8 18. e5 Nd7 19. Ne4 Bf8 20. Qc2 Qa5 21.
Qc3 Qa4 22. Nxc5 Nxc5 23. Bxc5 Rb3 24. Qc4 Bxc5+ 25. Qxc5 Qxa3 26. Qxa3 Rxa3
27. Rc7 Rb3 28. Rxa7 Bb7 29. Rc1 Rdxd3 30. Rc7 Rd1+ 31. Kf2 Rdb1 32. Ra2 R1b2
33. Rc2 Rxa2 34. Rxa2 Bd5 35. Rc2 h6 36. h4 Kg7 37. Rd2 Ra3 38. Rc2 Rb3 39. Rd2
1/2-1/2

[Event "I Open sub-2300 Ciudad de Albacete"]
[Site "Albacete ESP"]
[Date "2012.04.30"]
[Round "6.7"]
[White "Bas Mas, Jose Joaquin"]
[Black "Martinez Lopez, Jaime"]
[Result "1-0"]
[WhiteElo "2227"]
[BlackElo "2099"]
[PlyCount "69"]
[EventDate "2012.04.27"]
[EventType "swiss"]
[EventRounds "9"]
[EventCountry "ESP"]
[Source "lmi"]
[SourceDate "2012.04.27"]

1. e4 d6 2. c4 g6 3. d4 Bg7 4. Nc3 c5 5. Nf3 Qa5 6. Qd3 Nc6 7. dxc5 dxc5 8. Bd2
Bg4 9. Nd5 Qd8 10. Bc3 Nf6 11. e5 Nxd5 12. cxd5 Nb4 13. Bxb4 cxb4 14. Qe4 Bf5
15. Bb5+ Kf8 16. Qxb4 Qxd5 17. O-O a5 18. Qa4 Bxe5 19. Rfd1 Qe6 20. Re1 f6 21.
Rad1 Qb6 22. Nxe5 fxe5 23. Rxe5 Rd8 24. Rde1 e6 25. g4 Rd4 26. Qa3+ Kf7 27.
gxf5 gxf5 28. Rxf5+ exf5 29. Qe7+ Kg8 30. Qe8+ Kg7 31. Re7+ Kf6 32. Qf7+ Kg5
33. Qg7+ Kh4 34. Qg3+ Kh5 35. Be2+ 1-0

[Event "I Open sub-2300 Ciudad de Albacete"]
[Site "Albacete ESP"]
[Date "2012.04.30"]
[Round "6.8"]
[White "Gomez Peco, David"]
[Black "Escudero Manzano, Alejandro"]
[Result "1/2-1/2"]
[WhiteElo "2067"]
[BlackElo "2210"]
[PlyCount "97"]
[EventDate "2012.04.27"]
[EventType "swiss"]
[EventRounds "9"]
[EventCountry "ESP"]
[Source "lmi"]
[SourceDate "2012.04.27"]

1. e4 c5 2. Nf3 Nc6 3. d4 cxd4 4. Nxd4 Nf6 5. Nc3 e5 6. Ndb5 d6 7. Bg5 a6 8.
Na3 b5 9. Bxf6 gxf6 10. Nd5 Bg7 11. Bd3 Ne7 12. Nxe7 Qxe7 13. O-O O-O 14. c4 f5
15. Qh5 f4 16. Rfd1 b4 17. Nc2 Rb8 18. a3 bxa3 19. b4 f5 20. Rxa3 Bb7 21. exf5
e4 22. Be2 Rf6 23. Qg4 Rbf8 24. Nd4 Bc8 25. Qxf4 Bxf5 26. Nxf5 Rxf5 27. Qxd6
Qxd6 28. Rxd6 Rxf2 29. Re3 Bc3 30. Rxe4 Bxb4 31. Rd5 a5 32. Bf3 Rd2 33. Rxd2
Bxd2 34. Kf1 Bb4 35. Re6 Rf4 36. Rc6 Rd4 37. Bd5+ Kg7 38. Ke2 Rd2+ 39. Ke3 h6
40. Be4 Rd6 41. Rc7+ Kf6 42. c5 Ra6 43. Bd5 a4 44. Rc6+ Rxc6 45. Bxc6 Bxc5+ 46.
Ke4 a3 47. Bd5 Bd6 48. g3 Kg5 49. Kf3 1/2-1/2

[Event "I Open sub-2300 Ciudad de Albacete"]
[Site "Albacete ESP"]
[Date "2012.04.30"]
[Round "6.9"]
[White "Hernandez Funes, Ruben"]
[Black "Cabello Rodriguez, Sandro"]
[Result "1-0"]
[WhiteElo "2208"]
[BlackElo "2044"]
[PlyCount "121"]
[EventDate "2012.04.27"]
[EventType "swiss"]
[EventRounds "9"]
[EventCountry "ESP"]
[Source "lmi"]
[SourceDate "2012.04.27"]

1. e4 d6 2. d4 Nf6 3. Nc3 e5 4. Nge2 Be7 5. h3 c6 6. a4 O-O 7. g3 Re8 8. Bg2 a5
9. O-O Na6 10. Be3 Bf8 11. Re1 exd4 12. Nxd4 Nc5 13. f3 d5 14. exd5 Nxd5 15.
Nxd5 Qxd5 16. Qd2 Bd7 17. b3 Ne6 18. f4 Qd6 19. Rad1 Nxd4 20. Bxd4 Rxe1+ 21.
Rxe1 Rd8 22. Be3 Qxd2 23. Bxd2 Bc5+ 24. Kh2 Bb6 25. g4 h5 26. Kg3 h4+ 27. Kf3
Be6 28. Ke2 Bd5 29. Bxd5 Rxd5 30. Rd1 Bc7 31. Be3 Rxd1 32. Kxd1 Kf8 33. Ke2 Ke7
34. Kf3 Kf6 35. Bd4+ Kg6 36. Bf2 Bd8 37. Ke4 Kh6 38. Be3 Kh7 39. Bd2 Kg6 40.
f5+ Kh7 41. g5 b6 42. Kf4 Bc7+ 43. Kg4 Bg3 44. Be3 c5 45. Bf4 Bf2 46. c4 g6 47.
f6 Kg8 48. Bc7 Be1 49. Bxb6 Bb4 50. Kxh4 Kf8 51. Kg4 Ke8 52. h4 Kd7 53. h5
gxh5+ 54. Kxh5 Ke6 55. Kg4 Ke5 56. Bd8 Bd2 57. g6 fxg6 58. f7 Bh6 59. Bxa5 Kd4
60. Bb6 Kc3 61. a5 1-0

[Event "I Open sub-2300 Ciudad de Albacete"]
[Site "Albacete ESP"]
[Date "2012.04.30"]
[Round "6.10"]
[White "Prats Rodriguez, Juan Bosco"]
[Black "Enjuto Velasco, Roberto"]
[Result "1/2-1/2"]
[WhiteElo "2028"]
[BlackElo "2203"]
[PlyCount "48"]
[EventDate "2012.04.27"]
[EventType "swiss"]
[EventRounds "9"]
[EventCountry "ESP"]
[Source "lmi"]
[SourceDate "2012.04.27"]

1. e4 c5 2. Nc3 Nc6 3. g3 g6 4. Bg2 Bg7 5. d3 d6 6. Be3 Rb8 7. Qd2 b5 8. Nge2
e6 9. O-O Nge7 10. d4 b4 11. Nd1 cxd4 12. Nxd4 Ba6 13. Nxc6 Nxc6 14. Re1 Ne5
15. Bxa7 Nc4 16. Qd3 Ra8 17. Bd4 Nxb2 18. Qd2 Nc4 19. Qd3 e5 20. Be3 Nxe3 21.
Qxe3 Bc4 22. Qd2 Rxa2 23. Rxa2 Bxa2 24. Qxb4 Be6 1/2-1/2

[Event "I Open sub-2300 Ciudad de Albacete"]
[Site "Albacete ESP"]
[Date "2012.04.30"]
[Round "7.1"]
[White "Gavilan Diaz, Mario"]
[Black "Bermejo Martinez, Jorge"]
[Result "1/2-1/2"]
[WhiteElo "2256"]
[BlackElo "2267"]
[PlyCount "59"]
[EventDate "2012.04.27"]
[EventType "swiss"]
[EventRounds "9"]
[EventCountry "ESP"]
[Source "lmi"]
[SourceDate "2012.04.27"]

1. e4 g6 2. d4 Bg7 3. Nc3 d6 4. Be3 a6 5. Qd2 b5 6. f3 Nf6 7. O-O-O O-O 8. Bh6
Nbd7 9. h4 Bxh6 10. Qxh6 e5 11. dxe5 Nxe5 12. h5 Nxh5 13. Be2 f5 14. exf5 Rxf5
15. Ne4 Qf8 16. Qe3 Nf4 17. Bf1 Bb7 18. Ne2 Bxe4 19. Qxe4 d5 20. Qe3 Nc4 21.
Qc3 Re5 22. Nxf4 Qxf4+ 23. Kb1 b4 24. Qd3 c6 25. c3 Rb8 26. Qd4 Qxd4 27. cxd4
Re7 28. Bd3 Ne3 29. Rd2 a5 30. Rc1 1/2-1/2

[Event "I Open sub-2300 Ciudad de Albacete"]
[Site "Albacete ESP"]
[Date "2012.04.30"]
[Round "7.2"]
[White "Sanchez Botella, Luis Javier"]
[Black "Martin Rueda, Daniel"]
[Result "1-0"]
[WhiteElo "2241"]
[BlackElo "2289"]
[PlyCount "61"]
[EventDate "2012.04.27"]
[EventType "swiss"]
[EventRounds "9"]
[EventCountry "ESP"]
[Source "lmi"]
[SourceDate "2012.04.27"]

1. d4 d5 2. c4 c6 3. Nf3 Nf6 4. Nc3 dxc4 5. a4 Bf5 6. e3 e6 7. Bxc4 Bb4 8. O-O
O-O 9. Qe2 Bg6 10. Ne5 Nbd7 11. Nxg6 hxg6 12. Rd1 Qe7 13. e4 e5 14. d5 Rfd8 15.
a5 Nc5 16. f3 cxd5 17. Nxd5 Nxd5 18. Bxd5 Rac8 19. Be3 a6 20. Kh1 Ne6 21. Bb6
Rd6 22. Rdc1 Rxc1+ 23. Rxc1 Nf4 24. Qc4 Nxd5 25. exd5 Rd7 26. Qg4 Bd2 27. Rc8+
Kh7 28. Bc5 Rd6 29. Bxd6 Qxd6 30. Qh4+ Bh6 31. Qd8 1-0

[Event "I Open sub-2300 Ciudad de Albacete"]
[Site "Albacete ESP"]
[Date "2012.04.30"]
[Round "7.3"]
[White "Bas Mas, Jose Joaquin"]
[Black "Serna Lara, Sergio"]
[Result "1-0"]
[WhiteElo "2227"]
[BlackElo "2228"]
[PlyCount "87"]
[EventDate "2012.04.27"]
[EventType "swiss"]
[EventRounds "9"]
[EventCountry "ESP"]
[Source "lmi"]
[SourceDate "2012.04.27"]

1. e4 e6 2. d4 d5 3. Nd2 Nf6 4. e5 Nfd7 5. Bd3 c5 6. c3 Nc6 7. Ne2 a5 8. a4 Be7
9. O-O cxd4 10. cxd4 Nb4 11. Bb5 b6 12. Nc3 O-O 13. Nf3 Ba6 14. Qe2 Nb8 15. Bd2
N8c6 16. Rfc1 Bxb5 17. Nxb5 Rc8 18. g3 h6 19. h4 Qd7 20. Ne1 f6 21. exf6 Rxf6
22. Ra3 Na6 23. Rf3 Rxf3 24. Nxf3 Bf6 25. Bf4 Ncb4 26. Rc3 Rxc3 27. bxc3 Nc6
28. Ne5 Bxe5 29. Bxe5 Nd8 30. Qg4 Nc6 31. Bxg7 Kh7 32. Bf8 Qf7 33. Bd6 h5 34.
Qg5 Qg6 35. Qxg6+ Kxg6 36. f3 Kf5 37. Kf2 Nd8 38. Ke3 Nc6 39. Bf4 e5 40. Bxe5
Nxe5 41. Nd6+ Ke6 42. dxe5 Nc5 43. f4 Nxa4 44. Kd4 1-0

[Event "I Open sub-2300 Ciudad de Albacete"]
[Site "Albacete ESP"]
[Date "2012.04.30"]
[Round "7.4"]
[White "Peña Riasco, Alexander"]
[Black "Picazo Lopez, Juan Antonio"]
[Result "1-0"]
[WhiteElo "2219"]
[BlackElo "2169"]
[PlyCount "99"]
[EventDate "2012.04.27"]
[EventType "swiss"]
[EventRounds "9"]
[EventCountry "ESP"]
[Source "lmi"]
[SourceDate "2012.04.27"]

1. e4 d5 2. exd5 Nf6 3. d4 Nxd5 4. c4 Nb6 5. Nc3 e5 6. dxe5 Qxd1+ 7. Nxd1 Nc6
8. Nf3 Be6 9. b3 Bb4+ 10. Bd2 Bxd2+ 11. Kxd2 O-O-O+ 12. Kc3 h6 13. Nb2 Rhe8 14.
h3 Nd7 15. Re1 Re7 16. Bd3 Rde8 17. Be4 Nd8 18. Nd3 g6 19. Nd4 g5 20. g3 Nf8
21. f4 Bd7 22. a4 b6 23. h4 gxf4 24. gxf4 c5 25. Nb5 Bxb5 26. axb5 f6 27. Bf5+
Kc7 28. exf6 Rxe1 29. Rxe1 Rxe1 30. Nxe1 Nf7 31. h5 Nd6 32. Bg6 Kd7 33. Nf3 Ke6
34. f7 Nxf7 35. Bxf7+ Kxf7 36. Kd3 Ne6 37. Ke4 Ng7 38. Ne5+ Kf6 39. Ng4+ Ke7
40. Nxh6 Nxh5 41. Ng4 Ng3+ 42. Kd5 Ne2 43. f5 Nd4 44. f6+ Kf7 45. b4 Nb3 46.
bxc5 Nxc5 47. Kd6 Ne4+ 48. Ke5 Nd2 49. Kf5 Ke8 50. Ne5 1-0

[Event "I Open sub-2300 Ciudad de Albacete"]
[Site "Albacete ESP"]
[Date "2012.04.30"]
[Round "7.5"]
[White "Diaz Velandia, Jose Manuel"]
[Black "Sanchez Quiroga, Miguel Angel"]
[Result "1-0"]
[WhiteElo "2212"]
[BlackElo "2142"]
[PlyCount "95"]
[EventDate "2012.04.27"]
[EventType "swiss"]
[EventRounds "9"]
[EventCountry "ESP"]
[Source "lmi"]
[SourceDate "2012.04.27"]

1. d4 d5 2. Nf3 Nf6 3. Bf4 c6 4. e3 Bf5 5. Bd3 Bxd3 6. Qxd3 e6 7. O-O Nbd7 8.
Nbd2 Be7 9. h3 O-O 10. c4 Re8 11. c5 b6 12. b4 a5 13. a3 Qc8 14. Rfb1 Qb7 15.
bxa5 Rxa5 16. cxb6 Rea8 17. Ne5 Nxe5 18. Bxe5 R5a6 19. Bxf6 gxf6 20. Qc2 Rxb6
21. Rxb6 Qxb6 22. a4 c5 23. dxc5 Qxc5 24. Qxc5 Bxc5 25. Nb3 Bb4 26. a5 Ra6 27.
Ra4 Bd6 28. e4 dxe4 29. Rxe4 f5 30. Rc4 Ra8 31. Kf1 Kg7 32. Ra4 Kf6 33. a6 e5
34. Ke2 Ke6 35. Kd3 Kd5 36. g4 e4+ 37. Kc3 Be5+ 38. Kd2 Bf4+ 39. Ke2 fxg4 40.
hxg4 h6 41. Ra5+ Kc6 42. Nd2 Kb6 43. Nc4+ Kc6 44. Rf5 Bg5 45. Ne5+ Kb6 46. Nxf7
Rxa6 47. Nxg5 Ra2+ 48. Ke3 1-0

[Event "I Open sub-2300 Ciudad de Albacete"]
[Site "Albacete ESP"]
[Date "2012.04.30"]
[Round "7.6"]
[White "Sos Andreu, Eric"]
[Black "Hernandez Funes, Ruben"]
[Result "1/2-1/2"]
[WhiteElo "2143"]
[BlackElo "2208"]
[PlyCount "78"]
[EventDate "2012.04.27"]
[EventType "swiss"]
[EventRounds "9"]
[EventCountry "ESP"]
[Source "lmi"]
[SourceDate "2012.04.27"]

1. c4 c6 2. e4 e5 3. Nf3 d6 4. d4 Nd7 5. Be2 Ngf6 6. Nc3 Be7 7. O-O O-O 8. Be3
Re8 9. d5 c5 10. Ne1 Bf8 11. Nd3 g6 12. b4 cxb4 13. Nxb4 Qa5 14. Rb1 Nc5 15. f3
Bd7 16. Qd2 Rec8 17. Nd3 Nxd3 18. Bxd3 Qc7 19. Rb2 Be8 20. Rfb1 b6 21. a4 Nd7
22. a5 Nc5 23. axb6 axb6 24. Bf1 Ra6 25. Rb4 Be7 26. Qf2 Bd8 27. Nb5 Qe7 28.
Nc3 Bd7 29. R4b2 Ra3 30. Nb5 Bxb5 31. Rxb5 Qa7 32. Bc1 Ra1 33. Be3 Rxb1 34.
Rxb1 Qa3 35. Bc1 Qa7 36. Bb2 Ra8 37. Ra1 Qb7 38. Qe1 Rxa1 39. Qxa1 Qa6 1/2-1/2

[Event "I Open sub-2300 Ciudad de Albacete"]
[Site "Albacete ESP"]
[Date "2012.04.30"]
[Round "7.7"]
[White "Mingarro Carceller, Sergi"]
[Black "Fernandez Manrique, Agustin"]
[Result "1-0"]
[WhiteElo "2101"]
[BlackElo "2188"]
[PlyCount "87"]
[EventDate "2012.04.27"]
[EventType "swiss"]
[EventRounds "9"]
[EventCountry "ESP"]
[Source "lmi"]
[SourceDate "2012.04.27"]

1. d4 Nf6 2. c4 g6 3. g3 Bg7 4. Bg2 O-O 5. Nf3 d6 6. Nc3 Nbd7 7. O-O e5 8. e4
a6 9. h3 b5 10. dxe5 dxe5 11. cxb5 axb5 12. Bg5 c6 13. Qc2 Qe7 14. Rfd1 Nb6 15.
b3 Bb7 16. a4 b4 17. Nb1 c5 18. Nbd2 Rfc8 19. Bf1 Ra5 20. Nc4 Nxc4 21. Bxc4 h6
22. Bxf6 Bxf6 23. Qe2 Rc7 24. Rd3 Rd7 25. Rad1 Rxd3 26. Rxd3 Kg7 27. Nh2 h5 28.
Rf3 Bc8 29. g4 hxg4 30. Nxg4 Bxg4 31. hxg4 g5 32. Rf5 Qd6 33. f4 Ra7 34. fxg5
Qd4+ 35. Kg2 Bd8 36. Qf3 Qd2+ 37. Kg1 Bxg5 38. Rxf7+ Rxf7 39. Qxf7+ Kh6 40.
Qf8+ Kg6 41. Bf7+ Kf6 42. Be8+ Ke6 43. Qf7+ Kd6 44. Qd7# 1-0

[Event "I Open sub-2300 Ciudad de Albacete"]
[Site "Albacete ESP"]
[Date "2012.04.30"]
[Round "7.8"]
[White "Jimenez Martinez, Jose Vicente"]
[Black "Sesma Rubio, Patxi"]
[Result "1-0"]
[WhiteElo "2276"]
[BlackElo "2119"]
[PlyCount "55"]
[EventDate "2012.04.27"]
[EventType "swiss"]
[EventRounds "9"]
[EventCountry "ESP"]
[Source "lmi"]
[SourceDate "2012.04.27"]

1. d4 Nf6 2. c4 g6 3. Nc3 Bg7 4. e4 d6 5. f3 O-O 6. Be3 c5 7. Nge2 Nc6 8. d5
Ne5 9. Ng3 h5 10. Be2 h4 11. Nf1 e6 12. Bg5 Qa5 13. Qd2 h3 14. g3 exd5 15. Nxd5
Qxd2+ 16. Nxd2 Nxd5 17. cxd5 b5 18. Be7 Bd7 19. Bxf8 Kxf8 20. Nf1 Nc4 21. Bxc4
Bxb2 22. Rb1 Bc3+ 23. Ke2 bxc4 24. Ne3 a6 25. Rhc1 Bd4 26. Nxc4 Bb5 27. a4 Bxa4
28. Nb6 1-0

[Event "I Open sub-2300 Ciudad de Albacete"]
[Site "Albacete ESP"]
[Date "2012.04.30"]
[Round "7.9"]
[White "Tierraseca Montero, Pablo"]
[Black "Lara Lopez, Jose"]
[Result "0-1"]
[WhiteElo "2129"]
[BlackElo "2265"]
[PlyCount "164"]
[EventDate "2012.04.27"]
[EventType "swiss"]
[EventRounds "9"]
[EventCountry "ESP"]
[Source "lmi"]
[SourceDate "2012.04.27"]

1. c4 c5 2. Nf3 Nc6 3. Nc3 g6 4. e3 Bg7 5. d4 cxd4 6. exd4 d6 7. Be3 Nf6 8. d5
Nb8 9. h3 Nbd7 10. Bd3 Nc5 11. Bc2 Bd7 12. Rb1 Qc8 13. a3 O-O 14. Qd2 Bf5 15.
Nd4 Bxc2 16. Qxc2 Re8 17. O-O a6 18. Rfc1 e5 19. dxe6 fxe6 20. b4 Ncd7 21. Qb3
Ne5 22. Na4 Nfd7 23. f4 Nc6 24. Nf3 Qd8 25. Qd3 Qe7 26. Rd1 Bf8 27. Ng5 Nf6 28.
Nb6 Rad8 29. Bf2 Bh6 30. Bh4 Qc7 31. Na4 d5 32. Qf3 dxc4 33. Nc5 Rxd1+ 34. Rxd1
Bxg5 35. Bxg5 Nd5 36. Nxe6 Rxe6 37. Qxd5 Qf7 38. Kh2 b5 39. Bh6 Qe7 40. f5 gxf5
41. Bg5 Qc7+ 42. Kh1 Qf7 43. Rf1 Rg6 44. Qd2 Qe6 45. Re1 Qd6 46. Qe3 h6 47.
Qe8+ Kg7 48. Be7 Qd5 49. Bf8+ Kh7 50. Re2 f4 51. Rf2 Ne5 52. Qe7+ Kg8 53. Qe8
f3 54. g4 Qc6 55. Qxe5 Kxf8 56. Qh8+ Kf7 57. Qh7+ Kf6 58. Qh8+ Ke6 59. Qh7 Rf6
60. Qg8+ Ke5 61. g5 hxg5 62. Qxg5+ Ke6 63. Qg8+ Ke7 64. Qg7+ Rf7 65. Qg5+ Kf8
66. Qd8+ Kg7 67. Qg5+ Qg6 68. Qe5+ Kh7 69. Qd5 Qf5 70. Qd4 Qf4 71. Qd5 Qf5 72.
Qd4 Kg8 73. Qd8+ Rf8 74. Qc7 Qxh3+ 75. Kg1 Qg4+ 76. Kf1 Re8 77. Rh2 Qg6 78. Qd7
Qb1+ 79. Kf2 Qe1+ 80. Kxf3 Re3+ 81. Kf4 Qg3+ 82. Kf5 Re5+ 0-1